(2025): U-Bahnstationen in Nürnberg / Subway stations in Nuremberg - Statistiken

Allgemein
  • Dieses Quiz wurde 68 mal gespielt
  • Das Durchschnittsergebnis liegt bei 43 aus 59
Antwortstatistiken
Linie Antwort % Korrekt
Hauptbahnhof
96%
Hauptbahnhof
96%
Hauptbahnhof
96%
Lorenzkirche
94%
U1 Langwasser Süd
92%
Plärrer
92%
Plärrer
92%
Plärrer
92%
Weißer Turm
92%
Flughafen
88%
Messe
87%
Langwasser Mitte
85%
Langwasser Nord
85%
Opernhaus
83%
Opernhaus
83%
Wöhrder Wiese
83%
Wöhrder Wiese
83%
Rathenauplatz
81%
Rathenauplatz
81%
Ziegelstein
79%
Frankenstraße
77%
Fürth Hauptbahnhof
77%
Aufseßplatz
75%
Gostenhof
75%
Maffeiplatz
75%
Maximilianstraße
75%
U2 Röthenbach
75%
Stadtgrenze
75%
Bauernfeindstraße
73%
Klinikum
73%
Bärenschanze
71%
Rothenburger Straße
71%
Rothenburger Straße
71%
Eberhardshof
69%
Gustav-Adolf-Straße
69%
Hardhöhe
69%
Hasenbuck
69%
Schweinau
67%
Jakobinenstraße
65%
Klinikum Nord
65%
Muggenhof
65%
Nordwestring
65%
Scharfreiterring
65%
Hohe Marter
63%
Nordostbahnhof
63%
Schoppershof
63%
Rathaus
62%
Friedrich-Ebert-Platz
60%
Gemeinschaftshaus
60%
Maxfeld
60%
Rennweg
60%
Herrnhütte
58%
Stadthalle
58%
Sündersbühl
56%
Großreuth bei Schweinau
52%
St. Leonhard
50%
Kaulbachplatz
48%
U3 Gebersdorf
44%
Kleinreuth bei Schweinau
42%
Keine übereinstimmenden Quizze gefunden
Verteilung der Resultate
Anzahl Personen mit jedem Resultat
Perzentil nach korrekt beantworteten Fragen
Ihre Resultats-Entwicklung
Sie haben dieses Quiz noch nicht gespielt